| 000 | 01350nam1a22002531i 4500 | ||
|---|---|---|---|
| 001 | v19\rc\1763528 | ||
| 005 | 20240723122739.0 | ||
| 035 | _a(NLR Aleph) 004845224 | ||
| 090 |
_a4864253 _c4864253 |
||
| 100 | _a20061204d1903 |||y0rusy50 ca | ||
| 101 | 0 | _arus | |
| 102 | _aRU | ||
| 105 | _ay z ||||| | ||
| 200 | 1 |
_aПолный универсальный сборник техно-химических и друг. рецептов _eБолее 5000 полезных сведений, открытий и изобретений... _eПолное необходимое настольное руководство химикам, техникам, технологам... _eРецепты систематизированы, проверены и приспособлены для рус. пром-сти инж.-химиком Н.Н. Наврольским-Галкиным _eВ 2 т. Т. 1-2 |
|
| 210 |
_aМосква _cтип. Н.Н. Булгакова _d1903 |
||
| 215 |
_a2 т. _d22 |
||
| 532 | 1 | 2 | _aПолный универсальный сборник техно-химических и других рецептов |
| 700 | 1 |
_aНаврольский-Галкин _bН.Н. |
|
| 790 | 1 |
_aГалкин _bН.Н. |
|
| 801 | 0 |
_aRU _bNLR _gpsbo |
|
| 801 | 0 |
_aRU _bRuMoRGB _2psbo |
|
| 801 | 1 |
_aRU _bProSoft-M _2rusmarc |
|
| 852 |
_aNLR _j61.6.30 |
||
| 942 | _cBOOK | ||